[Event "DJK Wacker Bergeborbeck 1 - SV Wattensc"]
[Site "Verbandsklasse, Gruppe 1 2017"]
[Date "2018.02.04"]
[Round "6.3"]
[White "Thelen, Thomas"]
[Black "Grodotzki, Thomas"]
[Result "1/2-1/2"]
[WhiteElo "1990"]
[BlackElo "1941"]
[Annotator "Daniel"]
[PlyCount "100"]
[EventDate "2018.??.??"]

1. d4 Nf6 2. c4 c5 3. d5 b5 4. cxb5 a6 5. bxa6 Bxa6 6. Nc3 d6 7. f4 g6 8. Nf3
Bg7 9. e4 Bxf1 10. Rxf1 O-O 11. e5 Ne8 12. Qe2 Nc7 13. Qe4 Nd7 14. Bd2 Qb8 15.
Rb1 Qb4 16. Qd3 dxe5 17. Ng5 h6 18. d6 c4 19. Qh3 Qxd6 20. Nge4 Qc6 21. f5 Nd5
22. Nxd5 Qxd5 23. Nc3 Qc6 24. Bxh6 e6 25. Bxg7 Kxg7 26. Qg3 exf5 27. Rxf5 Qe6
28. Rf3 e4 29. Re3 f5 30. Rd1 f4 31. Qh3 Qxh3 32. Rxh3 Nc5 33. Rd4 Nd3+ $11 34.
Kf1 e3 35. Rxc4 Nxb2 36. Rc7+ Kf6 37. Rf3 g5 38. h4 Nd3 39. hxg5+ Kxg5 40. Rg7+
Kf6 41. Rd7 Rad8 42. Rxd8 Rxd8 43. g3 Ke5 44. gxf4+ Kd4 45. Nd1 Re8 46. Rxe3
Rxe3 47. Nxe3 Kxe3 48. f5 Ne5 49. f6 Kd4 50. Ke2 Kc4 1/2-1/2

[Event "DJK Wacker Bergeborbeck 1 - SV Wattensc"]
[Site "Verbandsklasse, Gruppe 1 2017"]
[Date "2018.02.04"]
[Round "6.4"]
[White "Mombeck, Michael"]
[Black "Sicars, Thorsten"]
[Result "1/2-1/2"]
[WhiteElo "1970"]
[BlackElo "1919"]
[PlyCount "51"]
[EventDate "2018.??.??"]

1. e4 d6 2. Nc3 e5 3. Bc4 Nf6 4. d3 Be7 5. Nf3 Nc6 6. h3 Na5 7. Bb3 O-O 8. O-O
c6 9. Re1 Nxb3 10. axb3 Re8 11. d4 exd4 12. Qxd4 c5 13. Qd3 Bd7 14. Bf4 Bc6 15.
Rad1 Qa5 16. e5 Bxf3 17. Qxf3 dxe5 18. Rxe5 Qa6 19. Na4 Rac8 20. Rde1 Bf8 21.
Rxe8 Rxe8 22. Rxe8 Nxe8 23. Qd5 Qf6 24. Be5 Qe7 25. Nc3 Nc7 26. Qe4 1/2-1/2

[Event "DJK Wacker Bergeborbeck 1 - SV Wattensc"]
[Site "Verbandsklasse, Gruppe 1 2017"]
[Date "2018.02.04"]
[Round "6.5"]
[White "Zwielich, Frank"]
[Black "Brandhorst, Dieter"]
[Result "0-1"]
[WhiteElo "1949"]
[BlackElo "1907"]
[Annotator "Daniel"]
[PlyCount "57"]
[EventDate "2018.??.??"]

1. d4 Nf6 2. Nf3 d5 3. Bf4 c5 4. e3 Nc6 5. c3 Qb6 6. b3 Bg4 7. Nbd2 e6 8. Bd3
Be7 9. h3 Bh5 10. O-O O-O 11. dxc5 Qxc5 12. Qc2 Bg6 13. Rac1 Rac8 14. Bxg6 hxg6
15. c4 Nb4 16. Qb1 $11 Rfd8 17. a3 Nc6 18. b4 Qb6 19. Rfd1 dxc4 20. Nxc4 Qb5
21. Nce5 Nxe5 22. Bxe5 Nd5 23. Qb3 a5 24. Nd4 Qb6 25. b5 a4 26. Qxa4 Nc3 27.
Qb3 Nxd1 28. Rxd1 Qa5 29. a4 0-1

[Event "DJK Wacker Bergeborbeck 1 - SV Wattensc"]
[Site "Verbandsklasse, Gruppe 1 2017"]
[Date "2018.02.04"]
[Round "6.6"]
[White "Schaedlich, Andreas"]
[Black "Doehmann, Joerg"]
[Result "1/2-1/2"]
[WhiteElo "1864"]
[BlackElo "1744"]
[PlyCount "42"]
[EventDate "2018.??.??"]

1. e4 c6 2. d4 d5 3. exd5 cxd5 4. Bd3 Nc6 5. c3 Nf6 6. Bg5 Bg4 7. f3 Bh5 8. Ne2
Bg6 9. Bxg6 hxg6 10. Nd2 e6 11. Qc2 Qc7 12. Nf1 Bd6 13. O-O-O O-O-O 14. Kb1 Kb8
15. g3 Rc8 16. Rc1 Qb6 17. Qd2 Na5 18. Ne3 Nc4 19. Nxc4 Rxc4 20. Rc2 Rhc8 21.
Rhc1 Qc7 1/2-1/2

[Event "DJK Wacker Bergeborbeck 1 - SV Wattensc"]
[Site "Verbandsklasse, Gruppe 1 2017"]
[Date "2018.02.04"]
[Round "6.7"]
[White "Schlee, Ulrich"]
[Black "Alinsug, Salvadore"]
[Result "1-0"]
[WhiteElo "1694"]
[BlackElo "1774"]
[PlyCount "113"]
[EventDate "2018.??.??"]

1. e4 e6 2. d4 c5 3. Nf3 cxd4 4. Nxd4 Nf6 5. Nc3 Nc6 6. Nxc6 bxc6 7. Bd3 Qc7 8.
O-O Bc5 9. Na4 Be7 10. b3 O-O 11. f4 d6 12. Bb2 e5 13. fxe5 dxe5 14. Qf3 Be6
15. Qg3 Nd7 16. Kh1 f6 17. Rad1 Rab8 18. Qf2 Rfe8 19. Bc1 c5 20. c4 Nb6 21. Nc3
Bf8 22. Qg3 Rbd8 23. Rxf6 Kh8 24. Rff1 a6 25. Nd5 Nxd5 26. exd5 Bg8 27. Be4 Bd6
28. Rf3 Rf8 29. Rdf1 Rxf3 30. Rxf3 Qa5 31. Qf2 Qc7 32. Be3 a5 33. Qh4 Rd7 34.
Rh3 Qd8 35. Qg3 Qf8 36. Kg1 Rf7 37. Qe1 Qd8 38. Qb1 h6 39. Bg6 Rf8 40. Qc1 Qf6
41. Be4 g5 42. Rf3 Qg7 43. Qf1 Bh7 44. Rxf8+ Bxf8 45. Bxh7 Kxh7 46. Qf2 Qe7 47.
Qf5+ Kg7 48. Qc8 e4 49. Qf5 Kg8 50. Kf2 Kg7 51. h3 Kh8 52. Ke2 Kg8 53. Qe6+ Kg7
54. Qxe7+ Bxe7 55. Bd2 Bd8 56. Ke3 Bc7 57. Kxe4 1-0

[Event "DJK Wacker Bergeborbeck 1 - SV Wattensc"]
[Site "Verbandsklasse, Gruppe 1 2017"]
[Date "2018.02.04"]
[Round "6.8"]
[White "Grimke, Michael"]
[Black "Hielscher, Klaus-Peter"]
[Result "1-0"]
[WhiteElo "1705"]
[BlackElo "1695"]
[PlyCount "103"]
[EventDate "2018.??.??"]

1. d4 Nf6 2. Nc3 d5 3. Bg5 e6 4. e4 Be7 5. e5 Nfd7 6. Bxe7 Qxe7 7. f4 O-O 8.
Nf3 c5 9. Bd3 Nc6 10. Bxh7+ Kxh7 11. Ng5+ Kg6 12. Qd3+ f5 13. exf6+ Kxf6 14.
Nh7+ Kf7 15. Nxf8 Nxf8 16. dxc5 Qxc5 17. O-O-O Kg8 18. h4 Bd7 19. h5 Nb4 20.
Qd2 Rc8 21. a3 Nc6 22. h6 g6 23. Qd3 Kh7 24. Rde1 Na5 25. f5 gxf5 26. Qg3 Ng6
27. Qd3 Nc4 28. b4 Qc7 29. Qd4 Qf4+ 30. Qxf4 Nxf4 31. g3 Ng2 32. Re2 Nge3 33.
Nd1 Nxd1 34. Rxd1 Nxa3 35. Kb2 Nc4+ 36. Kb3 Rg8 37. Rg1 Rg6 38. Reg2 Ne3 39.
Re2 Ng4 40. c4 d4 41. b5 e5 42. Ra2 a6 43. bxa6 Rb6+ 44. Kc2 bxa6 45. Rga1 Be6
46. c5 Bxa2 47. cxb6 Bd5 48. Rxa6 Nxh6 49. Ra5 Ng4 50. Rxd5 Ne3+ 51. Kc1 Nxd5
52. b7 1-0

[Event "Bochumer SV 2 - SF Kirchhellen 1"]
[Site "Verbandsklasse, Gruppe 2 2017"]
[Date "2018.02.04"]
[Round "6.1"]
[White "Sinnwell, Horst"]
[Black "Kraemer, Matthias"]
[Result "0-1"]
[WhiteElo "2063"]
[BlackElo "2195"]
[Annotator "Daniel"]
[PlyCount "158"]
[EventDate "2018.??.??"]

1. Nf3 d5 2. c4 d4 3. e3 Nc6 4. exd4 Nxd4 5. d3 Nh6 6. Be3 Nhf5 7. Nxd4 Nxd4 8.
Nd2 g6 9. Nb3 Bg7 10. Nxd4 Bxd4 11. Qd2 b6 12. Be2 Bb7 13. O-O O-O 14. Rac1 c5
15. b4 Rc8 16. bxc5 Rxc5 17. Bxd4 Qxd4 18. Qe3 Rd8 19. Qxd4 Rxd4 20. f3 e5 21.
Kf2 f5 22. Rfd1 Kf7 23. Rc2 Bc6 24. Rb2 Ke6 25. g3 Kd6 26. Ke3 g5 27. Rdb1 Be8
28. Rf1 f4+ 29. Kf2 Bg6 30. Rb3 Be8 31. Ra3 Rc7 32. Rh1 Ke6 33. g4 Bg6 34. h4
gxh4 35. Rxh4 Rcd7 36. Rh1 Kf6 37. Rd1 Kg5 38. Rb3 Rc7 39. Rb5 Kf6 40. Rb3 Rcd7
41. Rc3 Rc7 42. Ra3 Ke7 43. Rb3 Kd6 44. Rh1 Rc5 45. Ra3 $11 Ra5 46. Rxa5 bxa5
47. Rd1 Kc5 48. Ke1 Rd6 49. Kd2 Kd4 50. Rb1 Rb6 51. Rxb6 axb6 52. Bf1 h6 53. a3
Bf7 54. Be2 Be6 55. Bd1 Bd7 56. Be2 Bc6 57. Bd1 Be8 58. Be2 h5 59. gxh5 Bxh5
60. Bd1 Be8 61. Be2 Bd7 62. Bd1 Bh3 63. Ba4 Bf1 64. Bc2 a4 65. Bxa4 Bxd3 66.
Bc6 Bxc4 67. Ba4 Bf7 68. Bb5 Bh5 69. Bc6 Bg6 70. Bb5 Bf7 71. Bd3 Bc4 72. Bg6
Bd5 73. Bh5 Kc4 74. Kc2 e4 75. fxe4 Bxe4+ 76. Kb2 f3 77. Bf7+ Bd5 78. Bh5 f2
79. Be2+ Kd4 0-1

[Event "Bochumer SV 2 - SF Kirchhellen 1"]
[Site "Verbandsklasse, Gruppe 2 2017"]
[Date "2018.02.04"]
[Round "6.2"]
[White "Spiess, Timo-Christian"]
[Black "Hoffterheide, Thomas"]
[Result "1-0"]
[WhiteElo "2069"]
[BlackElo "1957"]
[Annotator "Daniel"]
[PlyCount "57"]
[EventDate "2018.??.??"]

1. e4 e5 2. Nf3 Nc6 3. d4 exd4 4. Nxd4 Nf6 5. Nc3 d6 6. Nxc6 bxc6 7. Bd3 Be7 8.
O-O O-O 9. f4 a5 10. Qf3 Nd7 11. Be3 Ba6 12. Bxa6 Rxa6 13. Na4 Qc8 14. Rad1 Re8
15. Bd4 Nf8 16. b3 Nd7 $11 17. Rfe1 Bf6 18. Bxf6 Nxf6 19. e5 dxe5 20. Rxe5 Rxe5
21. fxe5 Nd5 22. c4 Nb6 23. Nc5 Ra8 24. Qxc6 h5 25. e6 fxe6 26. Nxe6 Qe8 27.
Qxe8+ Rxe8 28. Nxc7 Rc8 29. Nd5 1-0

[Event "Bochumer SV 2 - SF Kirchhellen 1"]
[Site "Verbandsklasse, Gruppe 2 2017"]
[Date "2018.02.04"]
[Round "6.3"]
[White "Borgs, Martin"]
[Black "Niekrens, Stefan"]
[Result "1/2-1/2"]
[WhiteElo "1975"]
[BlackElo "2020"]
[Annotator "Daniel"]
[PlyCount "161"]
[EventDate "2018.??.??"]

1. d4 Nf6 2. Nf3 g6 3. c4 Bg7 4. g3 O-O 5. Bg2 c6 6. O-O d6 7. Nc3 Qa5 8. Qc2
Qh5 9. Re1 Bh3 10. Bh1 Ng4 11. e3 Nd7 12. Qe2 e5 13. dxe5 $11 Ngxe5 14. Nxe5
Qxe2 15. Rxe2 Nxe5 16. b3 Bg4 17. Rc2 Bf5 18. e4 Bg4 19. Ba3 Nf3+ 20. Bxf3 Bxf3
21. Re1 Rfe8 22. Re3 Bxc3 23. Rcxc3 Bxe4 24. Bxd6 Rad8 25. c5 b6 26. f3 bxc5
27. Bxc5 Bd5 28. Rxe8+ Rxe8 29. Kf2 a5 30. a3 Rb8 31. b4 axb4 32. Bxb4 Kg7 33.
Re3 Rb5 34. Rc3 Kf6 35. Rc5 Rb7 36. Rc2 g5 37. Ke3 Kg6 38. h3 Rb8 39. Kf2 h5
40. h4 gxh4 41. gxh4 Kf5 42. Re2 Rg8 43. Re3 Ra8 44. Rc3 Ra4 45. Rc2 Ke5 46.
Bc3+ Kd6 47. Bb4+ Kc7 48. Ke3 Kb6 49. Rc3 Ra8 50. Kf2 Rg8 51. Bd6 Rg6 52. Be7
Kb5 53. Rc5+ Ka4 54. Rc3 Re6 55. Re3 Rh6 56. Rc3 Rh8 57. Bb4 $11 Rb8 58. Ke2
Rd8 59. Kf2 Rd7 60. Ke2 Kb5 61. Rc5+ Kb6 62. Rc3 Rc7 63. Bc5+ Kb5 64. Ke3 Bc4
65. Bd6 Rd7 66. a4+ Kb6 67. Rxc4 Rxd6 68. Rf4 Ka5 69. Rxf7 Kxa4 70. Rf5 Rh6 71.
Kd3 Kb4 72. Rf4+ Kb5 73. Kc3 c5 74. Rf5 Re6 75. Kd3 Rd6+ 76. Kc3 Rd4 77. f4 Ra4
78. Kb3 Re4 79. Kc3 Re3+ 80. Kd2 Rf3 81. Ke2 1/2-1/2

[Event "Bochumer SV 2 - SF Kirchhellen 1"]
[Site "Verbandsklasse, Gruppe 2 2017"]
[Date "2018.02.04"]
[Round "6.4"]
[White "Hinkmann, Jens"]
[Black "Schlueter, Christoph"]
[Result "1/2-1/2"]
[WhiteElo "1987"]
[BlackElo "1975"]
[Annotator "Daniel"]
[PlyCount "59"]
[EventDate "2018.??.??"]

1. e4 c5 2. Nc3 a6 3. a4 Nc6 4. g3 g6 5. Bg2 Bg7 6. d3 Rb8 7. Be3 d6 8. Qd2 b5
9. axb5 axb5 10. Nge2 Nd4 11. O-O b4 12. Bxd4 Bxd4 13. Nd1 Bg7 14. d4 cxd4 15.
Nxd4 Qb6 16. e5 Bd7 17. Ne3 Bxe5 18. c3 Nf6 19. Nc4 Qc5 20. Nxe5 dxe5 21. Nb3
$11 Qb6 22. c4 Qc7 23. Rfc1 O-O 24. Qe3 e4 25. Ra7 Qe5 26. Qd4 Qxd4 27. Nxd4
Rfd8 28. c5 e5 29. Nb3 Rdc8 30. Na5 1/2-1/2

[Event "Bochumer SV 2 - SF Kirchhellen 1"]
[Site "Verbandsklasse, Gruppe 2 2017"]
[Date "2018.02.04"]
[Round "6.5"]
[White "Schueppel, Werner"]
[Black "Goralski, Christian"]
[Result "1/2-1/2"]
[WhiteElo "1953"]
[BlackElo "1974"]
[Annotator "Daniel"]
[PlyCount "110"]
[EventDate "2018.??.??"]

1. d4 d5 2. Nf3 Nf6 3. c4 dxc4 4. e3 e6 5. Bxc4 a6 6. a4 c5 7. O-O Nc6 8. Nc3
Be7 9. dxc5 Bxc5 10. Qxd8+ Kxd8 11. e4 h6 12. Bf4 g5 13. Be5 Nxe5 14. Nxe5 Ke7
15. Rad1 Nd7 16. Nd3 Bd4 17. Ne2 Ba7 18. b4 a5 19. bxa5 Nc5 20. Nxc5 Bxc5 21.
Bb5 $11 Rxa5 22. Nd4 Ra8 23. Nb3 Bd6 24. Rd3 Rd8 25. Rfd1 e5 26. Kf1 Be6 27.
Rc1 Rac8 28. Rdc3 Rxc3 29. Rxc3 Rc8 30. Rxc8 Bxc8 31. Na5 Bc7 32. Nc4 f5 33. f3
f4 34. Ke2 h5 35. Kf2 Bd7 36. Ke2 Be6 37. Kd3 g4 38. Ke2 g3 39. h3 Kf6 40. Ke1
Kg5 41. Kf1 Kh4 42. Kg1 Bd8 43. Kh1 Bc7 44. Kg1 Kg5 45. Kh1 Kf6 46. Kg1 Bb8 47.
Kf1 Ke7 48. Ke2 Kf6 49. Kf1 Kg5 50. Kg1 Ba7+ 51. Kh1 Bd4 52. a5 Bxc4 53. Bxc4
Ba7 54. Bd5 b5 55. axb6 Bxb6 1/2-1/2

[Event "Bochumer SV 2 - SF Kirchhellen 1"]
[Site "Verbandsklasse, Gruppe 2 2017"]
[Date "2018.02.04"]
[Round "6.6"]
[White "Peters, Olaf"]
[Black "Belitz, Marco"]
[Result "1-0"]
[WhiteElo "1878"]
[BlackElo "1846"]
[PlyCount "83"]
[EventDate "2018.??.??"]

1. c4 c5 2. Nc3 b6 3. e4 Bb7 4. g3 Nf6 5. Bg2 e6 6. Nge2 Be7 7. O-O d6 8. e5
Bxg2 9. exf6 Bxf1 10. fxe7 Qxe7 11. Qxf1 Nc6 12. Qg2 Rc8 13. b3 h5 14. d3 Ne5
15. d4 cxd4 16. Nxd4 h4 17. h3 hxg3 18. fxg3 Qf6 19. Be3 d5 20. Ncb5 O-O 21.
cxd5 exd5 22. Rf1 Qg6 23. Nf5 Qe6 24. Nbd4 Qd7 25. Qxd5 Qxd5 26. Ne7+ Kh7 27.
Nxd5 Rfd8 28. Ne7 Rc3 29. Rf5 g6 30. Rxe5 Rxe3 31. Rxe3 Rxd4 32. Nc6 Rd2 33. a4
a6 34. Ne5 Kg7 35. Nc4 Rd1+ 36. Kf2 b5 37. axb5 axb5 38. Ne5 f6 39. Nd3 g5 40.
Ke2 Rh1 41. g4 Kg6 42. Rf3 1-0

[Event "Bochumer SV 2 - SF Kirchhellen 1"]
[Site "Verbandsklasse, Gruppe 2 2017"]
[Date "2018.02.04"]
[Round "6.7"]
[White "Gajda, Peter"]
[Black "Floeren, Philipp"]
[Result "0-1"]
[WhiteElo "1812"]
[BlackElo "1874"]
[Annotator "Daniel"]
[PlyCount "92"]
[EventDate "2018.??.??"]

1. e4 d6 2. d4 Nf6 3. Nc3 g6 4. h3 c6 5. Be3 b5 6. a3 Qa5 7. Bd3 Nbd7 8. Nf3
Bg7 9. O-O O-O 10. Qd2 a6 11. Nd5 Qd8 12. Nxf6+ Nxf6 13. Bh6 c5 14. Bxg7 Kxg7
15. e5 dxe5 16. dxe5 Nd5 17. Be4 Bb7 18. Bxd5 Qxd5 19. Qxd5 Bxd5 20. Rad1 Bxf3
21. gxf3 $11 Rfd8 22. Rfe1 g5 23. Kg2 Kg6 24. Kg3 Kf5 25. c3 e6 26. Rd6 Rxd6
27. exd6 Rd8 28. Rd1 Rd7 29. Rd2 h5 30. h4 f6 31. f4 gxf4+ 32. Kf3 c4 33. a4
Ke5 34. axb5 axb5 35. Re2+ Kxd6 36. Kxf4 Ke7 37. f3 Rd3 38. Rg2 e5+ 39. Ke4 Ke6
40. Rg6 Rd1 41. Ke3 Rh1 42. Rg8 Rh2 43. Rh8 f5 44. Re8+ Kd6 45. Rd8+ Ke7 46.
Rd5 Ke6 0-1

[Event "Bochumer SV 2 - SF Kirchhellen 1"]
[Site "Verbandsklasse, Gruppe 2 2017"]
[Date "2018.02.04"]
[Round "6.8"]
[White "Bautz, Volker"]
[Black "Langer, Raimund"]
[Result "1-0"]
[WhiteElo "1823"]
[BlackElo "1776"]
[PlyCount "55"]
[EventDate "2018.??.??"]

1. d4 Nf6 2. Nc3 d5 3. Bg5 e6 4. e4 dxe4 5. Bxf6 gxf6 6. Nxe4 f5 7. Ng3 Nd7 8.
Nf3 Bd6 9. Bd3 b6 10. Qe2 O-O 11. O-O-O Bb7 12. c4 Qf6 13. Rhe1 Bxf3 14. Qxf3
Qxd4 15. Qh5 Qg4 16. h3 Qg6 17. Qh4 Nf6 18. Ne2 Ne4 19. g4 Qg5+ 20. Qxg5+ Nxg5
21. gxf5 Nf3 22. Rh1 exf5 23. Bxf5 Rfe8 24. Nc3 Rad8 25. Be4 Bf4+ 26. Kc2 Nd4+
27. Kb1 f5 28. Bd5+ 1-0

[Event "SK Sodingen/Castrop 3 - Matt Inn Dortmu"]
[Site "Verbandsklasse, Gruppe 2 2017"]
[Date "2018.02.04"]
[Round "6.1"]
[White "Schulenburg, Pit"]
[Black "Zobiegala, Christoph"]
[Result "1/2-1/2"]
[WhiteElo "2080"]
[BlackElo "1880"]
[Annotator "Daniel"]
[PlyCount "114"]
[EventDate "2018.??.??"]

1. g3 d5 2. Bg2 Nf6 3. d3 c6 4. Nf3 Bg4 5. Nbd2 e6 6. O-O Be7 7. e4 Nbd7 8. Re1
O-O 9. e5 Ne8 10. Qe2 Nc7 11. Qf1 f6 12. c3 fxe5 13. Nxe5 Nxe5 14. Rxe5 Bd6 15.
Re1 e5 16. Bh3 Qd7 17. Bxg4 Qxg4 18. Qe2 Qf5 19. Nf1 Rae8 20. Be3 e4 21. Rad1
b6 22. dxe4 Qxe4 23. Rd4 Qe7 24. Qg4 Qf7 25. Red1 Ne6 26. R4d2 Bc5 27. h4 Bxe3
28. Nxe3 Nc5 29. Rc2 Re4 30. Qe2 Qg6 31. Rd4 Rfe8 32. Rxe4 Rxe4 33. Kh2 Nd7 34.
Rc1 Qd6 35. Kg2 Qg6 36. Rh1 Nf6 37. Qf3 Re5 38. Qf4 Qe4+ $11 39. Qxe4 Rxe4 40.
Rd1 g6 41. Rd3 Nd7 42. f3 Ne5 43. fxe4 Nxd3 44. exd5 cxd5 45. Nxd5 Nxb2 46. Kf3
Kf7 47. Ke4 Nc4 48. g4 Ke6 49. Nc7+ Kd7 50. Nb5 a6 51. Nd4 Kd6 52. g5 Nd2+ 53.
Kd3 Nf1 54. Ke2 Ng3+ 55. Kf3 Nh5 56. Ke4 Ng3+ 57. Kf3 Nh5 1/2-1/2

[Event "SK Sodingen/Castrop 3 - Matt Inn Dortmu"]
[Site "Verbandsklasse, Gruppe 2 2017"]
[Date "2018.02.04"]
[Round "6.2"]
[White "Lucke, Thomas"]
[Black "Koenig, Christian"]
[Result "1/2-1/2"]
[WhiteElo "1827"]
[BlackElo "2028"]
[PlyCount "46"]
[EventDate "2018.??.??"]

1. d4 Nf6 2. Nf3 g6 3. g3 Bg7 4. Bg2 d6 5. O-O O-O 6. c4 Nbd7 7. Qc2 e5 8. Rd1
Re8 9. Nc3 exd4 10. Nxd4 a6 11. e3 Rb8 12. b3 Qe7 13. Bb2 Ne5 14. h3 Bd7 15.
Kh2 h5 16. Nd5 Nxd5 17. cxd5 h4 18. Qxc7 hxg3+ 19. fxg3 Qg5 20. Qc1 Qh5 21. Re1
Nd3 22. Qd2 Nxe1 23. Rxe1 Be5 1/2-1/2

[Event "SK Sodingen/Castrop 3 - Matt Inn Dortmu"]
[Site "Verbandsklasse, Gruppe 2 2017"]
[Date "2018.02.04"]
[Round "6.3"]
[White "Yanik, Mehmet"]
[Black "Balke, Reiner"]
[Result "1/2-1/2"]
[WhiteElo "1943"]
[BlackElo "1836"]
[PlyCount "136"]
[EventDate "2018.??.??"]

1. e4 e5 2. Nf3 Nc6 3. d4 exd4 4. Nxd4 Bc5 5. Nb3 Bb6 6. a4 Qf6 7. Qe2 d6 8. a5
Nd4 9. Nxd4 Bxd4 10. Ra4 a6 11. e5 Bxf2+ 12. Qxf2 Qxe5+ 13. Qe3 Qxe3+ 14. Bxe3
Be6 15. Bc4 d5 16. Bd3 O-O-O 17. O-O Ne7 18. Bc5 Nc6 19. Nd2 Ne5 20. Bf5 Rhe8
21. Bd4 Bxf5 22. Rxf5 f6 23. Bxe5 fxe5 24. Nf3 e4 25. Nd4 e3 26. Ra1 Re4 27. c3
g6 28. Rf6 Rde8 29. Ne2 R8e7 30. Rd1 c6 31. b4 Kd7 32. g3 g5 33. Rf5 Rg7 34. h3
h5 35. Rdf1 Ke7 36. Nd4 Ke8 37. Rf8+ Kd7 38. Re1 g4 39. h4 Ke7 40. Rb8 Kf6 41.
Rf1+ Kg6 42. Ne2 Rc7 43. Rg8+ Kh7 44. Rg5 c5 45. Rxh5+ Kg7 46. Rg5+ Kh7 47.
bxc5 Rxc5 48. Rf7+ Kh8 49. Rxb7 Rxa5 50. Rf5 Kg8 51. Rf1 Ra2 52. Re1 a5 53. Rd7
Rd2 54. Kf1 a4 55. Rb1 Re8 56. Ke1 a3 57. Ra1 a2 58. Ra7 Rb8 59. R7xa2 Rxa2 60.
Rxa2 Rb1+ 61. Nc1 Rxc1+ 62. Ke2 Rxc3 63. Ra4 Kf7 64. Rxg4 Kf6 65. Ra4 Ke5 66.
h5 d4 67. Kf3 e2+ 68. Kxe2 Rxg3 1/2-1/2

[Event "SK Sodingen/Castrop 3 - Matt Inn Dortmu"]
[Site "Verbandsklasse, Gruppe 2 2017"]
[Date "2018.02.04"]
[Round "6.4"]
[White "Zygan, Michael"]
[Black "Kromat, Stefan"]
[Result "0-1"]
[WhiteElo "1811"]
[BlackElo "1745"]
[PlyCount "40"]
[EventDate "2018.??.??"]

1. d4 d6 2. Nf3 Nf6 3. c4 Nbd7 4. Nc3 e5 5. e4 Be7 6. Be2 O-O 7. O-O c6 8. d5
cxd5 9. cxd5 g6 10. Ne1 Ne8 11. Be3 Bg5 12. Qd2 Bxe3 13. Qxe3 Qh4 14. Rc1 f5
15. f3 f4 16. Qf2 Qd8 17. Bb5 g5 18. Nd3 h5 19. Qc2 Rf7 20. Nb1 Qb6+ 0-1

[Event "SK Sodingen/Castrop 3 - Matt Inn Dortmu"]
[Site "Verbandsklasse, Gruppe 2 2017"]
[Date "2018.02.04"]
[Round "6.5"]
[White "Fork, Raphael"]
[Black "Scheibe, Werner"]
[Result "0-1"]
[WhiteElo "1841"]
[BlackElo "1828"]
[Annotator "Daniel"]
[PlyCount "118"]
[EventDate "2018.??.??"]

1. e4 e6 2. c4 c5 3. Nf3 Nc6 4. Nc3 g6 5. d4 cxd4 6. Nxd4 a6 7. Be3 Bg7 8. Be2
Nge7 9. Nc2 d5 10. cxd5 Bxc3+ 11. bxc3 exd5 12. Bf3 Be6 13. Nd4 O-O 14. Nxe6
fxe6 15. Qb3 Na5 16. Qb6 Qxb6 17. Bxb6 Nc4 18. Bc5 Rfe8 19. Bg4 Kf7 20. O-O-O
Rad8 21. Rhe1 b6 22. Bxe7 Rxe7 23. Rd4 b5 24. Kc2 Nb6 25. Kb3 Rd6 26. Kb4 Rc7
27. Bf3 e5 28. Rd3 Rc4+ 29. Kb3 d4 30. cxd4 Rdxd4 31. Rxd4 Rxd4 32. Rd1 Rxd1
$11 33. Bxd1 a5 34. a3 Nc4 35. Bc2 Nd6 36. h4 Kf6 37. f3 g5 38. hxg5+ Kxg5 39.
g3 h5 40. Kc3 h4 41. gxh4+ Kxh4 42. a4 b4+ 43. Kd3 Kg3 44. Ke2 $11 Nb7 45. Bd1
Nc5 46. Ke3 Ne6 47. Kd3 Kf2 48. Kc4 Ke1 49. Bb3 Nd4 50. Ba2 Ne2 51. Bb3 Nc1 52.
Bc2 Kd2 53. Bb1 b3 54. Kd5 Ne2 55. Kxe5 Nc3 56. Kf6 Nxb1 57. e5 Nc3 58. e6 Nd5+
59. Ke5 Ne7 0-1

[Event "SK Sodingen/Castrop 3 - Matt Inn Dortmu"]
[Site "Verbandsklasse, Gruppe 2 2017"]
[Date "2018.02.04"]
[Round "6.6"]
[White "Kowalczyk, Frank"]
[Black "Schmitz, Martin"]
[Result "1/2-1/2"]
[WhiteElo "1741"]
[BlackElo "1810"]
[PlyCount "72"]
[EventDate "2018.??.??"]

1. e4 c5 2. Nf3 Nc6 3. d4 cxd4 4. Nxd4 Nf6 5. Nc3 e5 6. Ndb5 d6 7. Bg5 a6 8.
Na3 b5 9. Nd5 Be7 10. Bxf6 Bxf6 11. c3 O-O 12. Be2 Bg5 13. O-O Ne7 14. Nxe7+
Qxe7 15. Bg4 Bb7 16. Qd3 Rad8 17. Qe2 d5 18. exd5 Bxd5 19. Rfd1 f5 20. Bh3 e4
21. c4 bxc4 22. Nxc4 Qc5 23. Ne3 Bxe3 24. Qxe3 Qxe3 25. fxe3 Be6 26. b3 Kf7 27.
g3 a5 28. Bf1 Kf6 29. Kf2 g5 30. Rac1 Rxd1 31. Rxd1 Ke5 32. Rc1 Rd8 33. Rc2 Rd5
34. Be2 h6 35. Ke1 Bd7 36. Rc7 Kd6 1/2-1/2

[Event "SK Sodingen/Castrop 3 - Matt Inn Dortmu"]
[Site "Verbandsklasse, Gruppe 2 2017"]
[Date "2018.02.04"]
[Round "6.7"]
[White "Meinike, Thorsten"]
[Black "Tenschert, Hartmut"]
[Result "0-1"]
[WhiteElo "1721"]
[BlackElo "1747"]
[Annotator "Daniel"]
[PlyCount "96"]
[EventDate "2018.??.??"]

1. d4 Nf6 2. c4 g6 3. Nc3 Bg7 4. g3 d6 5. Bg2 c6 6. Nf3 O-O 7. O-O Nbd7 8. h3
Qc7 9. e4 e5 10. Be3 Re8 11. Re1 a6 12. Qc2 h6 13. Rad1 Nf8 14. dxe5 dxe5 15.
Qd2 Kh7 16. Qd6 Qxd6 17. Rxd6 Ng8 18. Red1 Be6 19. Bf1 Re7 20. c5 Rae8 21. a3
Bb3 22. R1d2 Nf6 23. Bd3 Re6 24. Bb1 R6e7 25. g4 Ng8 26. Kg2 Ne6 27. Ne2 Nf8
28. Rd8 Rxd8 29. Rxd8 Ne6 30. Rd6 Nc7 31. Nd2 Be6 32. a4 Ne8 33. Rd8 Nc7 34.
Bd3 Ne8 35. Ng3 Ngf6 36. Nc4 Ng8 37. b4 Rd7 38. Rxd7 Bxd7 39. Na5 Bc8 40. Bc4
f6 41. Bf7 Nc7 42. Nc4 Ne7 43. Nd6 Bf8 44. Nxc8 Nxc8 45. Bc4 Kg7 46. Nf1 Ne7
47. Nd2 f5 48. f4 fxe4 {Handy!} 0-1

[Event "SK Sodingen/Castrop 3 - Matt Inn Dortmu"]
[Site "Verbandsklasse, Gruppe 2 2017"]
[Date "2018.02.04"]
[Round "6.8"]
[White "Demtroeder, Joerg"]
[Black "Jelisavac, Nenad"]
[Result "1-0"]
[WhiteElo "1699"]
[BlackElo "1422"]
[PlyCount "101"]
[EventDate "2018.??.??"]

1. d4 Nf6 2. Bf4 d6 3. Nc3 g6 4. e4 Bg7 5. Qd2 O-O 6. Bh6 Nbd7 7. Bxg7 Kxg7 8.
Be2 e5 9. h4 exd4 10. Qxd4 Qe7 11. O-O-O Nc5 12. f3 Qe5 13. Qe3 Nh5 14. Kb1 Ng3
15. f4 Nf5 16. Qf3 Nxh4 17. Rxh4 Qf6 18. Rh2 h5 19. Nd5 Qd8 20. Qc3+ Kh6 21.
Qe3 Kg7 22. Qd4+ f6 23. e5 Ne6 24. exf6+ Rxf6 25. Qxf6+ Qxf6 26. Nxf6 Kxf6 27.
g3 Nc5 28. Bd3 Bg4 29. Re1 Ne6 30. c3 Nc5 31. Bc2 Rd8 32. Nh3 Ne6 33. Nf2 Bf3
34. Be4 Bxe4+ 35. Nxe4+ Kf5 36. Rhe2 Kg4 37. Nf6+ Kxg3 38. Rxe6 h4 39. Rg1+
Kxf4 40. Nd5+ Kf5 41. Rgxg6 h3 42. Ref6+ Ke4 43. Rh6 Kxd5 44. Rxh3 Rd7 45. a4
Re7 46. Rf4 c5 47. Rhf3 b6 48. Rf7 Re1+ 49. Ka2 a5 50. Rd3+ Kc6 51. Rf6 1-0

[Event "SG Höntrop 1 - SK Germania Kupferdreh 1"]
[Site "Verbandsklasse, Gruppe 2 2017"]
[Date "2018.02.04"]
[Round "6.1"]
[White "Unteregge, Michael"]
[Black "Oberbarnscheidt, Ludger"]
[Result "1/2-1/2"]
[WhiteElo "2019"]
[BlackElo "2032"]
[PlyCount "37"]
[EventDate "2018.??.??"]

1. Nf3 Nf6 2. c4 g6 3. g3 b6 4. Bg2 Bb7 5. O-O Bg7 6. d4 O-O 7. Nc3 Ne4 8. Qc2
Nxc3 9. Qxc3 c5 10. Be3 Bxf3 11. Bxf3 Nc6 12. Bxc6 dxc6 13. Rfd1 Qd7 14. Rd3
Rfd8 15. Rad1 Qg4 16. f3 Qe6 17. Kf2 Qh3 18. Kg1 Qe6 19. Kf2 1/2-1/2

[Event "SG Höntrop 1 - SK Germania Kupferdreh 1"]
[Site "Verbandsklasse, Gruppe 2 2017"]
[Date "2018.02.04"]
[Round "6.2"]
[White "Rostek, Joerg"]
[Black "Krimphoff, Ingo"]
[Result "1/2-1/2"]
[WhiteElo "1954"]
[BlackElo "1936"]
[PlyCount "60"]
[EventDate "2018.??.??"]

1. e4 c6 2. d4 d5 3. Nc3 dxe4 4. Nxe4 Bf5 5. Ng3 Bg6 6. Nf3 Nd7 7. h4 h6 8. h5
Bh7 9. Bd3 Bxd3 10. Qxd3 e6 11. Bd2 Ngf6 12. O-O-O Qc7 13. Ne4 O-O-O 14. Nxf6
Nxf6 15. Qe2 Bd6 16. g3 c5 17. Kb1 c4 18. c3 Nd5 19. Rhe1 Kb8 20. Ne5 Bxe5 21.
Qxe5 Qxe5 22. Rxe5 Rd6 23. Rde1 Rhd8 24. f3 b6 25. Kc2 Kb7 26. R5e2 Kc6 27. Re5
R6d7 28. Bc1 Rb8 29. Bd2 Rbd8 30. Bc1 Rb8 1/2-1/2